Západ a Rusko: poučení z krize

Kritický pohľad na Ruskú ekonomiku. Základné tézy určujúce politiku Západu voči Rusku. Systémové premeny v Rusku. Úloha štátu v ekonomike Ruska.

Saved in:
Bibliographic Details
Main Author: Royen, Christoph
Format: Book Chapter
Language:Czech
Subjects:
Tags: Add Tag
No Tags, Be the first to tag this record!

MARC

LEADER 00000naa a2200000 4500
001 r033489
005 20230927115932.4
041 0 |a cze 
044 |a CZ 
245 1 0 |a Západ a Rusko: poučení z krize  |c Christoph Royen 
520 |a Kritický pohľad na Ruskú ekonomiku. Základné tézy určujúce politiku Západu voči Rusku. Systémové premeny v Rusku. Úloha štátu v ekonomike Ruska. 
610 2 0 |a vývoj hospodársky 
610 2 0 |a Rusko 
610 2 0 |a kríza 
610 2 0 |a reformy 
610 2 0 |a hospodárstvo trhové 
610 2 0 |a krajiny vyspelé 
610 2 0 |a pomoc medzinárodná 
610 2 0 |a politika hospodárska medzinárodná 
100 1 |a Royen, Christoph